| 000 | 01479nam0a2200301 4500 | ||
|---|---|---|---|
| 001 | RU\NLR\bibl\1115282 | ||
| 005 | 20260405140208.0 | ||
| 010 |
_a978-5-8088-0246-9 _9500 |
||
| 021 |
_aRU _b2007-42448 _92272 |
||
| 035 | _a(NLR Aleph) 001102290 | ||
| 090 |
_a1185915 _c1185915 |
||
| 100 | _a20070807d2007 |||y0rusy50 ca | ||
| 101 | 0 | _arus | |
| 102 | _aRU | ||
| 105 | _ay ||||||||| | ||
| 200 | 1 |
_aСоциология _eкраткий курс лекций _fВ.И. Кравченко, Т.К. Владимирова _gФедер. агентство по образованию, Гос. образоват. учреждение высш. проф. образования С.-Петерб. гос. ун-т аэрокосм. приборостроения |
|
| 210 |
_aСанкт-Петербург _cРедакционно-издательский центр ГУАП _d2007 |
||
| 215 |
_a127 с. _d21 |
||
| 320 | _aБиблиогр. в конце тем | ||
| 606 | 1 |
_aСоциология _jУчебные издания для высших учебных заведений _9893563 _3RU\NLR\auth\663357 |
|
| 686 | _aС5я73 | ||
| 700 | 1 |
_aКравченко _bВ. И. _gВладимир Иосифович _4070 |
|
| 701 | 1 |
_4070 _7ca _8rus _aВладимирова _bТ. К. _cсоциолог _gТамара Константиновна _939407 _3RU\NLR\auth\7756475 |
|
| 801 | 0 |
_aRU _bNLR _c20070807 _gRCR |
|
| 801 | 1 |
_aRU _bNLR _c20070807 |
|
| 942 | _cBOOK | ||
| 980 | _aNB | ||